01007nam a2200253 i 450000100060000000300090000600500170001500700030003200800410003508000320007610000210010824501540012926000530028330000490033649000530038560000360043861000490047465500400052370000320056370000160059571000500061183000500066185200420071193484ES-MaACL20250624062906.0t|050531s1964 sp ||||1| spa d a75 Vilacasas, Joan (083.82)1 aVilacasas, Joan.10aVilacasas b: [exposición, Sala de la Cacharrería del Ateneo de Madrid, marzo y abril de 1964] / c[Texto: Carlos-Antonio Areán y Gío Ponti]. a[Madrid] : bPublicaciones Españolas, c[1964] a[14] p. : bprincipalmente il. n. ; c28 cm.1 aCuadernos de arte. Colección ordinaria ; v15314aVilacasas, Joan-vExposiciones.27aAteneo de Madrid-vExposiciones-y1960-1969. 72tgfbneaCatálogos de exposiciones1 aAreán, Carlos,d1921-19961 aPonti, Gio.2 aAteneo de Madrid. bSala de la Cacharrería.0 aCuadernos de arte. Colección ordinariav153 aES-MaACLj2194-F-24 bR.136134cDEPOF